|
|
|
|
| LEADER |
01848nam a2200433 i 4500 |
| 001 |
EBC1652094 |
| 003 |
MiAaPQ |
| 005 |
20200520144314.0 |
| 006 |
m o d | |
| 007 |
cr cnu|||||||| |
| 008 |
140406t20142014nju o 001 0 eng d |
| 020 |
|
|
|z 9781118852170
|
| 020 |
|
|
|a 9781118852064
|q (electronic bk.)
|
| 035 |
|
|
|a (MiAaPQ)EBC1652094
|
| 035 |
|
|
|a (Au-PeEL)EBL1652094
|
| 035 |
|
|
|a (CaPaEBR)ebr10851651
|
| 035 |
|
|
|a (CaONFJC)MIL584570
|
| 035 |
|
|
|a (OCoLC)874322277
|
| 040 |
|
|
|a MiAaPQ
|b eng
|e rda
|e pn
|c MiAaPQ
|d MiAaPQ
|
| 050 |
|
4 |
|a HD69.P75
|b .O94 2014
|
| 082 |
0 |
|
|a 658.515
|
| 100 |
1 |
|
|a Owens, Trevor,
|e author.
|
| 245 |
1 |
4 |
|a The lean enterprise :
|b applying scalable, repeatable, and measurable innovation in the world's largest organizations /
|c Trevor Owens, Obie Fernandez.
|
| 264 |
|
1 |
|a Hoboken, New Jersey :
|b John Wiley & Sons,
|c 2014.
|
| 264 |
|
4 |
|c 2014
|
| 300 |
|
|
|a 1 online resource (258 pages)
|
| 336 |
|
|
|a text
|2 rdacontent
|
| 337 |
|
|
|a computer
|2 rdamedia
|
| 338 |
|
|
|a online resource
|2 rdacarrier
|
| 500 |
|
|
|a Includes index.
|
| 588 |
|
|
|a Description based on online resource; title from PDF title page (ebrary, viewed April 1, 2014).
|
| 590 |
|
|
|a Electronic reproduction. Ann Arbor, MI : ProQuest, 2015. Available via World Wide Web. Access may be limited to ProQuest affiliated libraries.
|
| 650 |
|
0 |
|a Production management.
|
| 650 |
|
0 |
|a Lean manufacturing.
|
| 650 |
|
0 |
|a New products.
|
| 655 |
|
4 |
|a Electronic books.
|
| 776 |
0 |
8 |
|i Print version:
|a Owens, Trevor.
|t Lean enterprise : applying scalable, repeatable, and measurable innovation in the world's largest organizations.
|d Hoboken, New Jersey : John Wiley & Sons, c2014
|h v, 236 pages
|z 9781118852170
|
| 797 |
2 |
|
|a ProQuest (Firm)
|
| 856 |
4 |
0 |
|u https://ebookcentral.proquest.com/lib/matrademy/detail.action?docID=1652094
|z Click to View
|